LEADER 01148nam a2200265 4500 001 000000365351 003 CaOOAMICUS 005 20251121142105.0 008 251121s2016 it 000 u ita r 020 $a978-88-6611-506-9 040 $aSeMil$bita 100 1 $aDammacco, Gaetano,$d<1948- >.$0(OLS)http://semarc/name/43668 245 10$aDiritti e religioni nel crocevia Mediterraneo /$cGaetano Dammacco. 264 1$aBari :$bCacucci,$c2016. 300 $a191 p. ;$c21 cm 490 1 $aSocietą, diritti, religioni ;$v20 650 4$aPaesi mediterranei - Diritti.$0(OLS)http://semarc/subject/59051 650 4$aPaesi mediterranei - Multiculturalismo.$0(OLS)http://semarc/subject/59050 830 0$aSocietą, diritti, religioni ;$v20.$0(OLS)http://semarc/title/423659 850 $aSeMil 852 $aSeMil$W1$xVenegono$y1$m3L I 67$j264704$B256185$CSeMilBibl$Z2$F256185 $81 996 $6020$a978-88-6611-506-9$9(OLS)http://semarc/number/304724 996 $6245$aDiritti e religioni nel crocevia Mediterraneo$9(OLS)http://semarc/title/456920 996 $6264$aBari :$bCacucci$9(OLS)http://semarc/publisher/32272 LEADER 01051nam a2200241 i 4500 001 000000172110 003 CaOOAMICUS 005 20101216000000.0 008 101216s1976 it u000 u mul u 013 $a149548 040 $aSeMil$bita 100 1 $aFelici, Pericle .$0(OLS)http://semarc/name/14555 240 10$a1. Norma giuridica e «pastorale» ; 2. Problemi matrimoniali ; 3. Attualitą del Concilio.$0(OLS)http://semarc/title/246383 245 10$aTemi canonistici e conciliari /$cCard. Pericle Felici. 260 $a[Cittą del Vaticano] :$bTipografia Poliglotta Vaticana,$c1976. 300 $a[29] p. ;$c24 cm. 500 $aFondo Card. Giovanni Colombo. 850 $aSeMil 852 $aSeMil$W1$xVenegono$y1$m5B XII 5/13$j122972$B122972$CSeMilBibl$Z2$F157584 $81 941 1 $a3 961 $aLascito: Colombo Card. Giovanni 996 $6245$aTemi canonistici e conciliari$9(OLS)http://semarc/title/246382 996 $6260$a[Cittą del Vaticano] :$bTipografia Poliglotta Vaticana$9(OLS)http://semarc/publisher/32047